01441nam a22003374a 4500001001200000003000800012006001900020007001500039008004100054010001700095020002800112040002100140035002000161050002300181082002300204100004200227245012800269260004700397300001600444490006600460504006600526533015200592600003500744650003700779651004500816655002900861710001700890830005500907856012600962999001501088ebr10020821CaPaEBRm u cr cn|||||||||000316s2001 ctu sb 001 0 eng  z 00035357  z0313313563 (alk. paper) aCaPaEBRcCaPaEBR a(OCoLC)7076925214aF2325b.M39 2001eb04a987.06/312/0922211 aMcBeth, B. S.q(Brian Stuart),d1951-10aGunboats, corruption, and claimsh[electronic resource] :bforeign intervention in Venezuela, 1899-1908 /cBrian S. McBeth. aWestport, Conn. :bGreenwood Press,c2001. axii, 307 p.1 aContributions in Latin American studies,x1054-6790 ;vno. 20 aIncludes bibliographical references (p. [269]-285) and index. aElectronic reproduction.bPalo Alto, Calif. :cebrary,d2013.nAvailable via World Wide Web.nAccess may be limited to ebrary affiliated libraries.10aCastro, Cipriano,d1856?-1924. 0aPolitical corruptionzVenezuela. 0aVenezuelaxForeign relationsy1830-1935. 7aElectronic books.2local2 aebrary, Inc. 0aContributions in Latin American studies ;vno. 20.40uhttp://site.ebrary.com/lib/rucke/Doc?id=10020821zAn electronic book accessible through the World Wide Web; click to view c9372d9372